<?xml version="1.0" encoding="UTF-8"?>
<record
    xmlns:xsi="http://www.w3.org/2001/XMLSchema-instance"
    xsi:schemaLocation="http://www.loc.gov/MARC21/slim http://www.loc.gov/standards/marcxml/schema/MARC21slim.xsd"
    xmlns="http://www.loc.gov/MARC21/slim">

  <leader>00565nam a2200205   4500</leader>
  <controlfield tag="003">SEACOMMC</controlfield>
  <controlfield tag="005">20231010110340.0</controlfield>
  <controlfield tag="008">231010b        |||||||| |||| 00| 0 eng d</controlfield>
  <datafield tag="020" ind1=" " ind2=" ">
    <subfield code="c">Rs. 185.00</subfield>
  </datafield>
  <datafield tag="040" ind1=" " ind2=" ">
    <subfield code="a">SEACOMMC</subfield>
  </datafield>
  <datafield tag="082" ind1=" " ind2=" ">
    <subfield code="a">428.2</subfield>
    <subfield code="b">SHA</subfield>
  </datafield>
  <datafield tag="100" ind1="1" ind2=" ">
    <subfield code="a">Sharma, R.C.</subfield>
  </datafield>
  <datafield tag="245" ind1="1" ind2=" ">
    <subfield code="a">Business correspondence and report writing </subfield>
    <subfield code="b">a practical approach</subfield>
    <subfield code="c">R.C. Sharma and Krishna Mohan</subfield>
  </datafield>
  <datafield tag="250" ind1=" " ind2=" ">
    <subfield code="a">3rd ed.</subfield>
  </datafield>
  <datafield tag="260" ind1=" " ind2=" ">
    <subfield code="a">New Delhi</subfield>
    <subfield code="b">Tata McGraw-Hill</subfield>
    <subfield code="c">2005</subfield>
  </datafield>
  <datafield tag="650" ind1=" " ind2=" ">
    <subfield code="a">English</subfield>
  </datafield>
  <datafield tag="650" ind1=" " ind2=" ">
    <subfield code="a">Standard English usage</subfield>
  </datafield>
  <datafield tag="700" ind1="1" ind2=" ">
    <subfield code="a">Mohan, Krishna </subfield>
  </datafield>
  <datafield tag="942" ind1=" " ind2=" ">
    <subfield code="c">BOOK</subfield>
  </datafield>
  <datafield tag="952" ind1=" " ind2=" ">
    <subfield code="0">0</subfield>
    <subfield code="1">0</subfield>
    <subfield code="2">ddc</subfield>
    <subfield code="4">0</subfield>
    <subfield code="7">0</subfield>
    <subfield code="a">SEACOMMC</subfield>
    <subfield code="b">SEACOMMC</subfield>
    <subfield code="d">2006-07-22</subfield>
    <subfield code="l">0</subfield>
    <subfield code="o">428.2 SHA</subfield>
    <subfield code="p">04259</subfield>
    <subfield code="r">2023-10-10 11:04:14</subfield>
    <subfield code="w">2023-10-10</subfield>
    <subfield code="y">BOOK</subfield>
  </datafield>
  <datafield tag="952" ind1=" " ind2=" ">
    <subfield code="0">0</subfield>
    <subfield code="1">0</subfield>
    <subfield code="2">ddc</subfield>
    <subfield code="4">0</subfield>
    <subfield code="7">0</subfield>
    <subfield code="a">SEACOMMC</subfield>
    <subfield code="b">SEACOMMC</subfield>
    <subfield code="d">2006-07-22</subfield>
    <subfield code="l">0</subfield>
    <subfield code="o">428.2 SHA</subfield>
    <subfield code="p">04260</subfield>
    <subfield code="r">2023-10-10 11:04:14</subfield>
    <subfield code="w">2023-10-10</subfield>
    <subfield code="y">BOOK</subfield>
  </datafield>
  <datafield tag="952" ind1=" " ind2=" ">
    <subfield code="0">0</subfield>
    <subfield code="1">0</subfield>
    <subfield code="2">ddc</subfield>
    <subfield code="4">0</subfield>
    <subfield code="7">0</subfield>
    <subfield code="a">SEACOMMC</subfield>
    <subfield code="b">SEACOMMC</subfield>
    <subfield code="d">2006-07-22</subfield>
    <subfield code="l">0</subfield>
    <subfield code="o">428.2 SHA</subfield>
    <subfield code="p">04261</subfield>
    <subfield code="r">2023-10-10 11:04:14</subfield>
    <subfield code="w">2023-10-10</subfield>
    <subfield code="y">BOOK</subfield>
  </datafield>
  <datafield tag="952" ind1=" " ind2=" ">
    <subfield code="0">0</subfield>
    <subfield code="1">0</subfield>
    <subfield code="2">ddc</subfield>
    <subfield code="4">0</subfield>
    <subfield code="7">0</subfield>
    <subfield code="a">SEACOMMC</subfield>
    <subfield code="b">SEACOMMC</subfield>
    <subfield code="d">2006-07-22</subfield>
    <subfield code="l">0</subfield>
    <subfield code="o">428.2 SHA</subfield>
    <subfield code="p">04262</subfield>
    <subfield code="r">2023-10-10 11:04:14</subfield>
    <subfield code="w">2023-10-10</subfield>
    <subfield code="y">BOOK</subfield>
  </datafield>
  <datafield tag="952" ind1=" " ind2=" ">
    <subfield code="0">0</subfield>
    <subfield code="1">0</subfield>
    <subfield code="2">ddc</subfield>
    <subfield code="4">0</subfield>
    <subfield code="7">0</subfield>
    <subfield code="a">SEACOMMC</subfield>
    <subfield code="b">SEACOMMC</subfield>
    <subfield code="d">2006-07-22</subfield>
    <subfield code="l">0</subfield>
    <subfield code="o">428.2 SHA</subfield>
    <subfield code="p">04263</subfield>
    <subfield code="r">2023-10-10 11:04:14</subfield>
    <subfield code="w">2023-10-10</subfield>
    <subfield code="y">BOOK</subfield>
  </datafield>
  <datafield tag="952" ind1=" " ind2=" ">
    <subfield code="0">0</subfield>
    <subfield code="1">0</subfield>
    <subfield code="2">ddc</subfield>
    <subfield code="4">0</subfield>
    <subfield code="7">0</subfield>
    <subfield code="a">SEACOMMC</subfield>
    <subfield code="b">SEACOMMC</subfield>
    <subfield code="d">2006-07-22</subfield>
    <subfield code="l">0</subfield>
    <subfield code="o">428.2 SHA</subfield>
    <subfield code="p">04264</subfield>
    <subfield code="r">2023-10-10 11:04:14</subfield>
    <subfield code="w">2023-10-10</subfield>
    <subfield code="y">BOOK</subfield>
  </datafield>
  <datafield tag="952" ind1=" " ind2=" ">
    <subfield code="0">0</subfield>
    <subfield code="1">0</subfield>
    <subfield code="2">ddc</subfield>
    <subfield code="4">0</subfield>
    <subfield code="7">0</subfield>
    <subfield code="a">SEACOMMC</subfield>
    <subfield code="b">SEACOMMC</subfield>
    <subfield code="d">2006-07-22</subfield>
    <subfield code="l">0</subfield>
    <subfield code="o">428.2 SHA</subfield>
    <subfield code="p">04265</subfield>
    <subfield code="r">2023-10-10 11:04:14</subfield>
    <subfield code="w">2023-10-10</subfield>
    <subfield code="y">BOOK</subfield>
  </datafield>
  <datafield tag="952" ind1=" " ind2=" ">
    <subfield code="0">0</subfield>
    <subfield code="1">0</subfield>
    <subfield code="2">ddc</subfield>
    <subfield code="4">0</subfield>
    <subfield code="7">0</subfield>
    <subfield code="a">SEACOMMC</subfield>
    <subfield code="b">SEACOMMC</subfield>
    <subfield code="d">2006-07-22</subfield>
    <subfield code="l">0</subfield>
    <subfield code="o">428.2 SHA</subfield>
    <subfield code="p">04266</subfield>
    <subfield code="r">2023-10-10 11:04:14</subfield>
    <subfield code="w">2023-10-10</subfield>
    <subfield code="y">BOOK</subfield>
  </datafield>
  <datafield tag="952" ind1=" " ind2=" ">
    <subfield code="0">0</subfield>
    <subfield code="1">0</subfield>
    <subfield code="2">ddc</subfield>
    <subfield code="4">0</subfield>
    <subfield code="7">0</subfield>
    <subfield code="a">SEACOMMC</subfield>
    <subfield code="b">SEACOMMC</subfield>
    <subfield code="d">2006-07-22</subfield>
    <subfield code="l">0</subfield>
    <subfield code="o">428.2 SHA</subfield>
    <subfield code="p">04267</subfield>
    <subfield code="r">2023-10-10 11:04:14</subfield>
    <subfield code="w">2023-10-10</subfield>
    <subfield code="y">BOOK</subfield>
  </datafield>
  <datafield tag="952" ind1=" " ind2=" ">
    <subfield code="0">0</subfield>
    <subfield code="1">0</subfield>
    <subfield code="2">ddc</subfield>
    <subfield code="4">0</subfield>
    <subfield code="7">0</subfield>
    <subfield code="a">SEACOMMC</subfield>
    <subfield code="b">SEACOMMC</subfield>
    <subfield code="d">2006-07-22</subfield>
    <subfield code="l">0</subfield>
    <subfield code="o">428.2 SHA</subfield>
    <subfield code="p">04268</subfield>
    <subfield code="r">2023-10-10 11:04:14</subfield>
    <subfield code="w">2023-10-10</subfield>
    <subfield code="y">BOOK</subfield>
  </datafield>
  <datafield tag="952" ind1=" " ind2=" ">
    <subfield code="0">0</subfield>
    <subfield code="1">0</subfield>
    <subfield code="2">ddc</subfield>
    <subfield code="4">0</subfield>
    <subfield code="7">0</subfield>
    <subfield code="a">SEACOMMC</subfield>
    <subfield code="b">SEACOMMC</subfield>
    <subfield code="d">2006-07-22</subfield>
    <subfield code="l">0</subfield>
    <subfield code="o">428.2 SHA</subfield>
    <subfield code="p">04269</subfield>
    <subfield code="r">2023-10-10 11:04:14</subfield>
    <subfield code="w">2023-10-10</subfield>
    <subfield code="y">BOOK</subfield>
  </datafield>
  <datafield tag="952" ind1=" " ind2=" ">
    <subfield code="0">0</subfield>
    <subfield code="1">0</subfield>
    <subfield code="2">ddc</subfield>
    <subfield code="4">0</subfield>
    <subfield code="7">0</subfield>
    <subfield code="a">SEACOMMC</subfield>
    <subfield code="b">SEACOMMC</subfield>
    <subfield code="d">2006-07-22</subfield>
    <subfield code="l">0</subfield>
    <subfield code="o">428.2 SHA</subfield>
    <subfield code="p">04270</subfield>
    <subfield code="r">2023-10-10 11:04:14</subfield>
    <subfield code="w">2023-10-10</subfield>
    <subfield code="y">BOOK</subfield>
  </datafield>
  <datafield tag="999" ind1=" " ind2=" ">
    <subfield code="c">103</subfield>
    <subfield code="d">103</subfield>
  </datafield>
</record>
